Петрография: учебник для вузов

Dades bibliogràfiques
Autor principal: Лучицкий В. И. Владимир Иванович
Idioma:rus
Publicat: Москва, Госгеолиздат, 1947-
Format: Llibre
KOHA link:https://koha.lib.tpu.ru/cgi-bin/koha/opac-detail.pl?biblionumber=253058

MARC

LEADER 00000nam1a2200000 4500
001 253058
005 20231101232816.0
035 |a (RuTPU)RU\TPU\book\275439 
090 |a 253058 
100 |a 20140311d1947 m y0rusy50 ca 
101 0 |a rus 
102 |a RU 
200 1 |a Петрография  |e учебник для вузов  |f В. И. Лучицкий 
210 |a Москва  |d 1947-  |c Госгеолиздат 
700 1 |a Лучицкий  |b В. И.  |c российский ученый  |c геолог-петрограф  |f 1877-1949  |g Владимир Иванович  |2 stltpush  |3 (RuTPU)RU\TPU\pers\13152  |9 3836 
801 1 |a RU  |b 63413507  |c 20140311 
942 |c BK